Welcome to CU Library Online Public Access Catalogue (OPAC)

Business research methods (Record no. 4978)

MARC details
000 -LEADER
fixed length control field 00500nam a22001817a 4500
005 - DATE AND TIME OF LATEST TRANSACTION
control field 20250319175849.0
008 - FIXED-LENGTH DATA ELEMENTS--GENERAL INFORMATION
fixed length control field 250319b |||||||| |||| 00| 0 eng d
020 ## - INTERNATIONAL STANDARD BOOK NUMBER
International Standard Book Number 9781439080702
050 ## - LIBRARY OF CONGRESS CALL NUMBER
Classification number HD30
Item number .4.Z54 BUS
100 ## - MAIN ENTRY--PERSONAL NAME
Personal name Zikmund, G. William
245 ## - TITLE STATEMENT
Title Business research methods
250 ## - EDITION STATEMENT
Edition statement 8th ed
260 ## - PUBLICATION, DISTRIBUTION, ETC.
Place of publication, distribution, etc. Australia
Name of publisher, distributor, etc. South-Western Cengage Learning
Date of publication, distribution, etc. c2010
300 ## - PHYSICAL DESCRIPTION
Extent xxii, 673p;
Other physical details ill.;
500 ## - GENERAL NOTE
General note includes index
700 ## - ADDED ENTRY--PERSONAL NAME
Personal name Babin J. Barry [et,... al]
942 ## - ADDED ENTRY ELEMENTS (KOHA)
Source of classification or shelving scheme Library of Congress Classification
Koha item type Books
Suppress in OPAC No
999 ## -
-- 4978
-- 4978
Holdings
Withdrawn status Lost status Source of classification or shelving scheme Damaged status Not for loan Collection Home library Current library Shelving location Date acquired Total checkouts Full call number Barcode Date last seen Copy number Price effective from Koha item type
    Library of Congress Classification     Non-fiction Business Library (Miotso) Business Library (Miotso) General stacks 04/25/2025   HD30.4.Z.54 BUS BSSM00002037 04/25/2025 3 04/25/2025 Books
    Dewey Decimal Classification     Non-fiction Graduate Library (Christ Temple) Graduate Library (Christ Temple) General stacks 03/20/2025   HD 30.4 Z 54 BUZ GSCT00000720 03/20/2025 1 03/20/2025 Books
    Library of Congress Classification     Non-fiction Undergraduate Library (Christ Temple) Undergraduate Library (Christ Temple) General stacks 03/19/2025   HD30.4.Z.54 BUS ulct00001798 03/19/2025 1 03/19/2025 Books
    Library of Congress Classification     Non-fiction Undergraduate Library (Christ Temple) Undergraduate Library (Christ Temple) General stacks 09/16/2025   HD30.4.Z64 BUS ulct00004804 09/16/2025 1 09/16/2025 Books
© 2023-2024 Copyright: Central University Libraries. All Rights Reserved | Created by: Mahone Tech Office